[Event "Mestre Ragazzini Memorial 2nd"]
[Site "Mestre"]
[Date "2011.05.20"]
[Round "1"]
[White "Bellon, Antonio"]
[Black "Pagan, Andrea"]
[Result "1-0"]
[WhiteElo "1723"]
[BlackElo "1919"]
[PlyCount "149"]
[EventDate "2011.05.20"]
[EventType "swiss"]
[EventRounds "5"]
[EventCountry "ITA"]
[SourceTitle "EXT 2022"]
[Source "ChessBase"]
[SourceDate "2021.10.06"]
[SourceVersion "1"]
[SourceVersionDate "2021.10.06"]
[SourceQuality "1"]

1. e4 d6 2. d4 g6 3. c4 Bg7 4. Nf3 Nf6 5. Nc3 0-0 6. Be2 Bg4 7. h3 Bxf3 8. Bxf3 Nbd7 9. 0-0 c5 10. d5 Ne5 11. Be2 Ne8 12. f4 Nd7 13. Be3 Nc7 14. Qd2 Nf6 15. e5 Nd7 16. exd6 exd6 17. f5 Qe7 18. fxg6 fxg6 19. Rxf8+ Rxf8 20. Rf1 Rxf1+ 21. Bxf1 Ne8 22. b3 Qe5 23. Ne2 Nef6 24. Bf4 Qe7 25. Ng3 Ne5 26. Bd3 Nxd3 27. Qxd3 Nd7 28. Qe4 Ne5 29. Nf1 Qd8 30. Nd2 Qe8 31. Nf3 Nxf3+ 32. gxf3 Qd7 33. Kg2 Bf6 34. Bg3 Qe7 35. Qxe7 Bxe7 36. h4 Kf7 37. Kh3 Kf6 38. Kg4 h5+ 39. Kf4 Bf8 40. Ke4 g5 41. hxg5+ Kxg5 42. Bf4+ Kf6 43. Bg3 Kg5 44. Bf4+ Kg6 45. Bg3 Be7 46. f4 h4 47. Bh2 Kf6 48. f5 Kg5 49. Bg1 Kg4 50. Bh2 Kg5 51. Bf4+ Kf6 52. Bh6 h3 53. Bf4 Bf8 54. Bh2 Kg5 55. Kf3 Kxf5 56. Kg3 Ke4 57. Kg4 Kd3 58. Kf5 Ke3 59. Ke6 Kf3 60. Kf7 Kg2 61. Bf4 Bh6 62. Bxd6 h2 63. Bxh2 Kxh2 64. d6 Kg3 65. d7 Bg5 66. Ke6 Kf4 67. Kd6 b6 68. Kc7 Ke5 69. d8Q Bxd8+ 70. Kxd8 Kd6 71. Kc8 Kc6 72. Kb8 a5 73. a4 Kd7 74. Kb7 Kd6 75. Kxb6 1-0

[Event "ITA-chT2"]
[Site "Arvier"]
[Date "2008.05.03"]
[Round "3"]
[White "Quinto, Gianni"]
[Black "Pagan, Andrea"]
[Result "1-0"]
[WhiteElo "2210"]
[BlackElo "1908"]
[PlyCount "55"]
[EventDate "2008.05.02"]
[EventType "team"]
[EventRounds "5"]
[EventCountry "ITA"]
[SourceTitle "CBM 124 Extra"]
[Source "ChessBase"]
[SourceDate "2008.07.03"]
[SourceVersion "1"]
[SourceVersionDate "2008.07.03"]
[SourceQuality "1"]

1. d4 Nf6 2. c4 e6 3. Nf3 d5 4. Nc3 Nbd7 5. Bg5 Be7 6. e3 0-0 7. Qc2 h6 8. h4 a6 9. 0-0-0 b6 10. cxd5 exd5 11. Ne5 Bb7 12. f4 Rc8 13. Kb1 c5 14. Bd3 c4 15. Bf5 Rc7 16. g4 b5 17. Bxf6 Nxf6 18. g5 Ne8 19. gxh6 b4 20. hxg7 Nxg7 21. Rdg1 bxc3 22. h5 Bf6 23. h6 Re8 24. Qg2 Kf8 25. hxg7+ Ke7 26. g8Q Rxg8 27. Qxg8 Qd6 28. Qxf7+ 1-0

[Event "Campodarsego op-B 17th"]
[Site "Campodarsego"]
[Date "2006.01.20"]
[Round "1"]
[White "Facchin, Francesco"]
[Black "Pagan, Andrea"]
[Result "0-1"]
[WhiteElo "1506"]
[BlackElo "1733"]
[PlyCount "55"]
[EventDate "2006.01.20"]
[EventType "swiss"]
[EventRounds "5"]
[EventCountry "ITA"]
[SourceTitle "EXT 2011"]
[Source "ChessBase"]
[SourceDate "2010.11.26"]
[SourceVersion "1"]
[SourceVersionDate "2010.11.26"]
[SourceQuality "1"]

1. d4 Nf6 2. Nf3 e6 3. Bg5 Be7 4. e3 b6 5. Bd3 Bb7 6. Nbd2 d5 7. Bxf6 Bxf6 8. Qe2 Nd7 9. c3 0-0 10. 0-0 e5 11. dxe5 Nxe5 12. Nxe5 Bxe5 13. Nf3 Bd6 14. Qc2 h6 15. Rad1 Re8 16. Bf5 Qf6 17. Bh7+ Kh8 18. Qf5 Qe7 19. Rd4 g6 20. Bxg6 fxg6 21. Qxg6 Qg7 22. Qh5 Rg8 23. g3 Qg6 24. Qxg6 Rxg6 25. Nh4 Rf6 26. f4 Bc5 27. Rd3 Ba6 28. Rxd5 0-1

[Event "ITA-ch U20"]
[Site "Porto San Giorgio"]
[Date "2004.08.28"]
[Round "9"]
[White "Pagan, Andrea"]
[Black "Pomaro, Alberto"]
[Result "1-0"]
[WhiteElo "1679"]
[BlackElo "1727"]
[PlyCount "49"]
[EventDate "2004.08.20"]
[EventType "swiss"]
[EventRounds "9"]
[EventCountry "ITA"]
[SourceTitle "EXT 2005"]
[Source "ChessBase"]
[SourceDate "2004.11.15"]
[SourceVersion "1"]
[SourceVersionDate "2004.11.15"]
[SourceQuality "1"]

1. d4 Nf6 2. c4 c5 3. d5 b5 4. cxb5 a6 5. e3 Bb7 6. Nc3 d6 7. e4 Nbd7 8. bxa6 Bxa6 9. Bxa6 Rxa6 10. Nf3 g6 11. 0-0 Bg7 12. Qe2 Rb6 13. Nd2 0-0 14. Nc4 Rb7 15. Bd2 h5 16. h3 Qc7 17. Na4 Ra8 18. b3 Ne8 19. Rac1 Qb8 20. Bc3 Bxc3 21. Rxc3 Nc7 22. g4 hxg4 23. hxg4 Kg7 24. Rh3 Nb5 25. Qd2 1-0

[Event "ITA-ch U20"]
[Site "Porto San Giorgio"]
[Date "2004.08.26"]
[Round "7"]
[White "Pagan, Andrea"]
[Black "Basso, Piergiorgio"]
[Result "1-0"]
[WhiteElo "1679"]
[BlackElo "1742"]
[PlyCount "55"]
[EventDate "2004.08.20"]
[EventType "swiss"]
[EventRounds "9"]
[EventCountry "ITA"]
[SourceTitle "EXT 2005"]
[Source "ChessBase"]
[SourceDate "2004.11.15"]
[SourceVersion "1"]
[SourceVersionDate "2004.11.15"]
[SourceQuality "1"]

1. d4 Nf6 2. c4 g6 3. Nc3 Bg7 4. e4 d6 5. f4 0-0 6. Be2 Nbd7 7. Nf3 Kh8 8. 0-0 e5 9. fxe5 dxe5 10. dxe5 Ng4 11. e6 fxe6 12. Ng5 Rxf1+ 13. Bxf1 Qf6 14. Qxg4 Qd4+ 15. Kh1 Nf6 16. Qf4 e5 17. Qe3 h6 18. Nf3 Ng4 19. Qxd4 exd4 20. Nd5 c6 21. Ne7 Bd7 22. Nxg6+ Kh7 23. Nf4 Nf2+ 24. Kg1 Nxe4 25. Bd3 Bf5 26. Nh4 Bg6 27. Nhxg6 Nc5 28. Bf5 1-0

[Event "ITA-ch U20"]
[Site "Porto San Giorgio"]
[Date "2004.08.24"]
[Round "5"]
[White "Pagan, Andrea"]
[Black "Pagan, Nicolo"]
[Result "0-1"]
[WhiteElo "1679"]
[BlackElo "1709"]
[PlyCount "47"]
[EventDate "2004.08.20"]
[EventType "swiss"]
[EventRounds "9"]
[EventCountry "ITA"]
[SourceTitle "EXT 2005"]
[Source "ChessBase"]
[SourceDate "2004.11.15"]
[SourceVersion "1"]
[SourceVersionDate "2004.11.15"]
[SourceQuality "1"]

1. e4 e6 2. d4 d5 3. Nd2 Nc6 4. c3 Nge7 5. e5 Ng6 6. Ndf3 Be7 7. Bd3 0-0 8. Ne2 Bd7 9. Nf4 Nxf4 10. Bxf4 a6 11. Qc2 h6 12. Qd2 g5 13. Bg3 f5 14. exf6 Bxf6 15. h4 Rf7 16. hxg5 hxg5 17. 0-0-0 Rc8 18. Rh5 Rg7 19. Rdh1 Be8 20. Rh8+ Kf7 21. Qc2 Ke7 22. R1h7 Rxh7 23. Rxh7+ Bf7 24. Bg6 0-1

[Event "ITA-ch U20 26th"]
[Site "Bratto"]
[Date "2003.08.29"]
[Round "9"]
[White "Pagan, Andrea"]
[Black "Bonagura, Stefano"]
[Result "0-1"]
[WhiteElo "1603"]
[BlackElo "1579"]
[PlyCount "70"]
[EventDate "2003.08.21"]
[EventType "swiss"]
[EventRounds "9"]
[EventCountry "ITA"]
[SourceTitle "EXT 2007"]
[Source "ChessBase"]
[SourceDate "2006.11.23"]
[SourceVersion "1"]
[SourceVersionDate "2006.11.23"]
[SourceQuality "1"]

1. d4 Nf6 2. c4 g6 3. Nc3 Bg7 4. e4 d6 5. Be2 0-0 6. Be3 Nbd7 7. h3 e5 8. d5 Ne8 9. Qc2 f5 10. Nf3 Ndf6 11. Bd3 fxe4 12. Nxe4 Nxe4 13. Bxe4 Nf6 14. Bd3 Qe8 15. Nd2 Nh5 16. 0-0 Nf4 17. Be4 Qe7 18. Nf3 Bf5 19. Rfe1 Qf6 20. Bxf4 Bxe4 21. Rxe4 exf4 22. Re6 Qf5 23. Qb3 Rab8 24. Rae1 Bf6 25. g4 fxg3 26. fxg3 Qxh3 27. R6e2 Qxg3+ 28. Kh1 Bg7 29. Nd4 Qh4+ 30. Rh2 Qxe1+ 31. Kg2 Qf1+ 32. Kg3 Be5+ 33. Kg4 Qf4+ 34. Kh3 Qxh2+ 35. Kg4 Rf4+ 0-1